Speaking in God's name: Islamic law, authority and women (Record no. 133823)

MARC details
000 -LEADER
fixed length control field 00399nam a2200145Ia 4500
008 - FIXED-LENGTH DATA ELEMENTS--GENERAL INFORMATION
fixed length control field 230917s9999||||xx |||||||||||||| ||und||
040 ## - CATALOGING SOURCE
-- 184833
Original cataloging agency VIVEKANANDA LIBRARY
041 ## - Language
-- English
082 ## - DDC NUMBER
Classification number 297.6 E1S
100 ## - MAIN ENTRY--PERSONAL NAME
Personal name El Fadl, Khaled Abou
245 #0 - TITLE STATEMENT
Title Speaking in God's name: Islamic law, authority and women
260 ## - PUBLICATION, DISTRIBUTION, ETC. (IMPRINT)
Place of publication, distribution, etc Oxford
Name of publisher, distributor, etc Oneworld Publications
Date of publication, distribution, etc 2006
300 ## - PHYSICAL DESCRIPTION
Pages xiii, 361 p.
942 ## - ADDED ENTRY ELEMENTS (KOHA)
Koha item type Books
Holdings
Withdrawn status Lost status Damaged status Not for loan Location (home branch) Sublocation or collection (holding branch) Date acquired Koha issues (times borrowed) Koha full call number Accession No. Koha date last seen Koha item type
        VIVEKANANDA LIBRARY VIVEKANANDA LIBRARY 04/06/2011   297.6 E1S 233181 17/09/2023 Books
© Designed and Maintained by Vivekananda Library, MDU Rohtak